License Plates of Africa - Statistics

General Stats
  • This quiz has been taken 62 times
  • The average score is 37 of 54
Answer Stats
Picture Answer % Correct
Kenya
98%
Nigeria
98%
South Sudan
98%
Burundi
96%
D. R. Congo
96%
Madagascar
96%
Somalia
96%
Tanzania
96%
Togo
96%
Uganda
96%
Angola
94%
Burkina Faso
94%
Gambia
94%
Liberia
94%
Mauritania
94%
Sierra Leone
94%
Benin
92%
Guinea-Bissau
92%
Malawi
92%
Senegal
92%
Ghana
90%
Lesotho
88%
Ivory Coast
84%
Niger
84%
Gabon
82%
Cameroon
78%
Comoros
76%
Ethiopia
76%
Libya
76%
R. of the Congo
76%
Guinea
73%
Morocco
73%
Egypt
71%
Mozambique
69%
Central African Republic
63%
Sudan
63%
South Africa
61%
Tunisia
61%
Eritrea
51%
Algeria
49%
Chad
47%
Djibouti
45%
Equatorial Guinea
41%
Zimbabwe
41%
Eswatini
29%
Zambia
29%
Seychelles
27%
Namibia
24%
São Tomé and Príncipe
24%
Cape Verde
22%
Botswana
20%
Mauritius
20%
Rwanda
20%
Mali
16%
No matching quizzes found
Score Distribution
Percent of People with Each Score
Percentile by Number Answered
Your Score History
You have not taken this quiz